[Event "79th GEO-ch 2020"]
[Site "Tbilisi"]
[Date "2020.02.01"]
[Round "2.1"]
[White "Paichadze, Luka"]
[Black "Arutinian, David"]
[Result "1-0"]
[WhiteElo "2550"]
[BlackElo "2551"]
[Annotator "TA"]
[PlyCount "97"]
[EventDate "2020.01.29"]
[EventType "k.o."]
[EventCountry "GEO"]
[SourceTitle "playchess.com"]
[Source "ChessBase"]
[SourceQuality "1"]

{[%evp 13,97,5,10,3,13,12,12,1,8,4,13,17,8,15,19,12,29,23,45,45,45,36,43,27,27,20,32,35,34,23,43,40,46,47,41,16,31,11,22,17,9,12,46,48,61,56,51,58,43,35,48,26,84,62,95,86,109,77,187,177,187,87,93,0,0,0,43,23,23,27,43,30,25,27,12,49,41,77,202,147,134,151,205,0,552,530]} 1. e4 c6 2. Nc3 d5 3. Nf3 dxe4 4. Nxe4 Nf6 5. Nxf6+ exf6 6. Bc4 Bd6 7. Qe2+ Qe7 8. Qxe7+ {B11: Caro-Kann: Two Knights Variation} Kxe7 9. O-O Rd8 10. Re1+ {The position is equal.} Kf8 11. d4 {[#]} Nd7 $146 ({Predecessor:} 11... Bg4 12. Nd2 Nd7 13. Ne4 Bc7 14. c3 h6 15. b3 f5 16. Ba3+ Kg8 17. Ng3 Re8 {½-½ (86) Klek,H (2368)-Belenkaya,D (2306) Braunfels 2017}) 12. Bd3 Kg8 13. a4 Nf8 14. c3 Bg4 15. Nd2 Re8 16. Rxe8 Rxe8 17. f3 Bc8 18. Ne4 Bc7 19. Bd2 f5 20. Ng3 g6 21. b4 Ne6 22. Ne2 Rd8 23. Bc4 Bd6 24. Nc1 Kg7 25. Nb3 Kf6 26. Be1 g5 27. b5 Nf4 28. bxc6 bxc6 29. Na5 c5 $1 30. Bf2 Rd7 31. dxc5 Be5 32. c6 Rd2 (32... Rd6 $11 33. Rc1 (33. Bxa7 $2 Bxc3 {[%mdl 64] Double Attack} 34. Nb7 Rxc6 $19) 33... Nd3 34. Bxd3 Rxd3) 33. Nb3 $16 Rc2 34. Rc1 $1 {[%cal Rc1c2]} Rb2 {...Rxb3! is the strong threat.} 35. Nc5 Bxc3 (35... Ke7 $16) 36. Nd7+ $18 {[%mdl 64] Discovered Attack} (36. Rxc3 $6 Rb1+ 37. Be1 Rxe1+ 38. Kf2 Rd1 $14) 36... Kg6 {[#]} 37. Bxa7 (37. Rxc3 $6 Rb1+ 38. Be1 Rxe1+ 39. Kf2 Rd1 $16) (37. Kf1 $1 $18) 37... Rxg2+ $16 38. Kf1 ({Better is} 38. Kh1 $16 {Black must now prevent Nb6.} Bb2 39. Rd1) 38... Bb2 $1 $11 {[%cal Rb2c1]} 39. Re1 {aiming for Re8.} Rxh2 (39... Rc2 $5 {[%cal Rc2c4]} 40. Bb5 Bc3 $11) 40. Re8 Rh1+ 41. Kf2 $1 Rh2+ 42. Kg1 {[%mdl 1024] White has compensation.} Rc2 43. Bb5 $36 {[%mdl 2048] White has good play.} Rc1+ 44. Kf2 Rc2+ 45. Ke1 Bc3+ {[#]} (45... h5 $16 {is a better defense.} 46. Kd1 (46. Rxc8 h4 $11) 46... Rc1+ 47. Kd2 h4 48. Ne5+ (48. Rxc8 $2 h3 $19) 48... Kg7) 46. Kd1 $1 $18 Rd2+ 47. Kc1 Nd5 48. Bc5 $2 ({Inferior is} 48. Rxc8 Ra2 $11) (48. Rd8 $18) 48... Bxd7 $4 {[%mdl 8192]} (48... Ra2 $1 $11 {and Black is okay.} 49. Kd1 (49. Rg8+ Kh5 $11) 49... Rd2+ 50. Kc1 Ra2 51. Nf8+ (51. Rg8+ Kh5 $11) 51... Kf6 52. Nxh7+ Kg7) 49. cxd7 {Accuracy: White = 85%, Black = 76%.} 1-0

[Event "79th GEO-ch 2020"]
[Site "Tbilisi"]
[Date "2020.02.01"]
[Round "2.1"]
[White "Shanava, Konstantine"]
[Black "Gagunashvili, Merab"]
[Result "1/2-1/2"]
[WhiteElo "2507"]
[BlackElo "2580"]
[Annotator "TA"]
[PlyCount "128"]
[EventDate "2020.01.29"]
[EventType "k.o."]
[EventCountry "GEO"]
[SourceTitle "playchess.com"]
[Source "ChessBase"]
[SourceQuality "1"]

{[%evp 20,128,44,40,61,57,57,60,49,54,44,22,25,0,57,56,34,48,67,58,55,47,63,75,96,48,62,56,77,62,56,78,83,75,91,39,128,79,100,90,70,0,99,22,24,19,23,26,23,15,25,12,12,13,44,6,7,4,18,0,0,0,0,0,8,0,8,0,8,0,0,0,0,0,0,-3,-4,-4,0,-17,-17,-17,-17,-17,-17,-17,-17,-17,-17,-17,-17,-17,-17,-98,-8,-8,0,-100,0,-8,-17,-17,-17,-17,-17,-17,-17,-17,-17,-17,-17]} 1. c4 c5 2. Nf3 Nf6 3. Nc3 d5 4. cxd5 Nxd5 5. g3 g6 6. Bg2 Bg7 7. Nxd5 Qxd5 8. O-O O-O 9. d3 Nc6 10. Be3 Qd6 11. Rc1 Bxb2 {A38: Symmetrical English vs ...g6: 4 Bg2 Bg7 5 Nf3 Nf6.} 12. Bxc5 Qd8 13. Rb1 Bg7 {White is slightly better.} 14. Qa4 {[#]} Rb8 $146 ({Predecessor:} 14... Qe8 15. Rfc1 b6 16. Be3 Bd7 17. Qh4 Rc8 18. Bh6 f6 19. Bd2 e5 20. Rc2 g5 {½-½ (30) Semcesen,D (2433)-Plat,V (2388) Wroclaw 2010}) 15. Ng5 Bd7 16. Qa3 Bd4 ({Better is} 16... h6 $11 17. Nf3 Bg4) 17. Bxd4 $14 Nxd4 18. e3 $36 {[%mdl 2048] White has the initiative.} Nc6 19. Rfc1 Na5 20. Qb4 h6 21. Nf3 Bc6 22. e4 b6 23. Qd2 Kh7 24. Ne5 Rc8 25. d4 Bd7 26. d5 f6 27. Nf3 (27. Rxc8 $16 Bxc8 28. Nd3) 27... Rc4 (27... e5 $14) 28. Nd4 Qc7 29. Rxc4 Nxc4 30. Rc1 (30. Qb4 $1 $14 Nd6 31. Nc6) 30... b5 (30... Qc5 $11 {remains equal.} 31. Qd1 b5) 31. Bf1 (31. Qb4 $16 Qd6 32. Qxd6 exd6 33. a4) 31... Rc8 $1 $11 32. Bxc4 bxc4 33. Qb4 Qc5 34. Qxc5 Rxc5 {[%mdl 4096] Endgame KRB-KRN} 35. f3 Kg7 36. Kf2 Kf7 37. Ke3 Ra5 38. Rxc4 Rxa2 39. Rc7 Ke8 40. h4 Ra3+ 41. Kd2 g5 42. hxg5 hxg5 43. Rb7 Kd8 44. g4 Kc8 45. Rb2 Kc7 46. Ke2 a5 47. Nb5+ (47. Kd2 {feels hotter.} a4 48. Rb1 Ra2+ 49. Nc2 e6 50. dxe6 Bxe6 51. Kd3) 47... Bxb5+ $1 48. Rxb5 {KR-KR} Ra1 49. Kf2 a4 50. Rc5+ Kb6 51. Rc6+ Kb5 52. Rc7 a3 53. Ra7 $1 Kb4 54. Rb7+ $1 Kc4 55. Ra7 Kd4 {With the idea ...a2.} 56. Kg2 {[#]} (56. Kg3 $11 {keeps the balance.}) 56... Ra2+ ({Black should try} 56... Ke5 $1 $17 {[%cal Re5f4] Hoping for ...Kf4.} 57. Rxe7+ Kf4) 57. Kg3 Ra1 ({Black should play} 57... Ke3 $11 58. Rxe7 Rf2) 58. Kg2 $17 {[#]} a2 (58... Ke5 $1 $17 {[%cal Re5f4] ...Kf4 is the strong threat.} 59. Rxe7+ Kf4) 59. Ra3 {The position is equal.} Kc4 {And now ...Kb4 would win.} 60. Ra7 Kb3 61. Rb7+ $1 Kc3 62. Rc7+ Kd3 63. Ra7 Ke3 {Threatens to win with ...Kd3.} 64. Ra3+ Kd4 {Accuracy: White = 82%, Black = 82%.} 1/2-1/2

[Event "79th GEO-ch 2020"]
[Site "Tbilisi"]
[Date "2020.02.01"]
[Round "2.1"]
[White "Morchiashvili, Bachana"]
[Black "Sanikidze, Tornike"]
[Result "1/2-1/2"]
[WhiteElo "2312"]
[BlackElo "2451"]
[Annotator "TA"]
[PlyCount "50"]
[EventDate "2020.01.29"]
[EventType "k.o."]
[EventCountry "GEO"]
[SourceTitle "playchess.com"]
[Source "ChessBase"]
[SourceQuality "1"]

{[%evp 10,50,3,3,7,3,7,0,0,0,13,14,19,12,15,0,22,14,26,0,0,0,0,0,0,0,3,0,0,0,30,19,20,16,12,22,10,2,33,27,27,18,29]} 1. d4 e6 2. Nf3 f5 3. Bg5 Be7 4. Bxe7 Qxe7 5. Nbd2 Nf6 6. e3 b6 {A80: Dutch Defence: Unusual White second moves} 7. Bd3 Bb7 8. O-O O-O 9. c3 Ne4 10. Qc2 {[%cal Rd2e4]} Nxd2 11. Nxd2 c5 {[#]} 12. Rae1 $146 ({Predecessor:} 12. dxc5 Qxc5 13. e4 fxe4 14. Nxe4 Qh5 15. Rae1 Ba6 16. Re3 Bxd3 17. Qxd3 h6 18. Rg3 {1-0 (57) Sorensen,K (2110)-David,E (2219) Norway 2016}) 12... Nc6 13. dxc5 Qxc5 14. e4 Ne5 15. exf5 Nxd3 16. Qxd3 Qc6 {[%csl Gb7][%cal Rc6g2] [#]} 17. f3 Rxf5 18. Rf2 Raf8 19. Ne4 Qa4 20. b3 $36 {[%mdl 2048] White has the initiative.} Bxe4 21. fxe4 Qb5 22. Qxb5 Rxb5 23. Rd1 Rd8 24. Rfd2 Ra5 25. a4 Rc5 {Accuracy: White = 100%, Black = 88%.} 1/2-1/2

[Event "79th GEO-ch 2020"]
[Site "Tbilisi"]
[Date "2020.02.02"]
[Round "2.2"]
[White "Gagunashvili, Merab"]
[Black "Shanava, Konstantine"]
[Result "1/2-1/2"]
[WhiteElo "2580"]
[BlackElo "2507"]
[Annotator "TA"]
[PlyCount "47"]
[EventDate "2020.01.29"]
[EventType "k.o."]
[EventCountry "GEO"]
[SourceTitle "playchess.com"]
[Source "ChessBase"]
[SourceQuality "1"]

{[%evp 25,47,0,0,-12,0,-16,0,-20,-7,-29,0,0,0,0,0,0,0,0,0,0,0,0,0,0]} 1. d4 d5 2. c4 dxc4 3. Nf3 Nf6 4. e3 e6 5. Bxc4 c5 6. O-O cxd4 7. exd4 Be7 8. Qe2 O-O 9. Nc3 Nc6 {[%cal Bb8c6,Bc6a5,Ba5c4][%mdl 32]} 10. Rd1 Na5 11. Bd3 b6 12. Bg5 Bb7 13. Rac1 Rc8 14. Bb1 {D26: Queen's Gambit Accepted: 4 e3 e6 5 Bxc5 c5 sidelines} Nc4 15. Ne5 Nd6 16. a3 Nd5 {[#]} 17. Qh5 $146 {[%csl Gb1][%cal Rh5h7]} ({Predecessor:} 17. Qd3 g6 18. Bh6 Re8 19. Ba2 Nxc3 20. Rxc3 Rxc3 21. bxc3 Bg5 22. Bxg5 Qxg5 23. f3 {0-1 (105) Gontcharov,V (2359)-Fingerov,D (2350) Dos Hermanas 2004}) 17... g6 (17... Nf5 $5 {[%cal Re7g5]} 18. Bxe7 Ndxe7 $11) 18. Nxg6 {The position is equal.} fxg6 {[#]} 19. Bxg6 $1 {[%mdl 512]} hxg6 20. Qxg6+ {[%mdl 64] Double Attack} Kh8 21. Qh6+ Kg8 22. Qg6+ Kh8 23. Qh6+ Kg8 24. Qg6+ {Accuracy: White = 100%, Black = 86%.} 1/2-1/2

[Event "79th GEO-ch 2020"]
[Site "Tbilisi"]
[Date "2020.02.02"]
[Round "2.2"]
[White "Arutinian, David"]
[Black "Paichadze, Luka"]
[Result "1/2-1/2"]
[WhiteElo "2551"]
[BlackElo "2550"]
[Annotator "TA"]
[PlyCount "87"]
[EventDate "2020.01.29"]
[EventType "k.o."]
[EventCountry "GEO"]
[SourceTitle "playchess.com"]
[Source "ChessBase"]
[SourceQuality "1"]

{[%evp 19,87,25,26,19,34,22,47,45,46,56,46,32,37,33,56,39,53,43,39,50,53,30,29,29,29,30,32,33,28,34,33,30,35,39,31,22,31,33,47,38,45,27,39,28,41,47,54,16,18,0,0,0,27,6,12,11,27,0,0,0,0,0,0,0,0,0,0,0,0,0]} 1. Nf3 Nf6 2. c4 e6 3. e3 b6 4. d4 Bb7 5. Nc3 d5 6. cxd5 exd5 7. Bd3 Be7 8. O-O O-O 9. b3 Nbd7 10. Bb2 Re8 11. Ne5 {E14: Queen's Indian: Classical Variation (4 e3)} Bb4 {[#]} 12. a3 $146 ({Predecessor:} 12. Bb5 Re6 13. Ne2 a6 14. Bd3 Bd6 15. Bf5 Re8 16. f4 Nf8 17. Ng3 c5 18. Rc1 Ne6 {½-½ (54) Jacobson,A (2286)-Katz,A (2433) Burlingame 2019}) 12... Bxc3 13. Bxc3 {White is slightly better.} Ne4 14. Bb2 f6 15. Nf3 c5 16. Rc1 Rc8 17. Qe2 Qe7 18. Rfd1 Rc7 19. dxc5 Ndxc5 20. Nd4 Nxd3 21. Rxc7 Qxc7 22. Qxd3 ({Inferior is} 22. Rxd3 Ba6 $17) 22... Rc8 23. h3 Qd7 24. Qe2 Nc5 25. Qh5 Qe8 26. Qf5 Rd8 27. Rc1 Bc8 28. Qc2 Ba6 29. Qd1 Qd7 30. Rc2 Bd3 31. Rd2 Bg6 32. Ne2 Bh5 33. g4 Bf7 34. Nf4 h5 35. gxh5 Qf5 36. Qg4 Qxg4+ 37. hxg4 Nxb3 38. Rc2 d4 {The position is equal.} 39. exd4 Nxd4 40. Rc7 Nb5 41. Rc2 Nd4 42. Rc7 Nb5 43. Rc1 Nd4 44. Rc7 {Accuracy: White = 93%, Black = 97%.} 1/2-1/2

[Event "79th GEO-ch 2020"]
[Site "Tbilisi"]
[Date "2020.02.02"]
[Round "2.2"]
[White "Nigalidze, Gaioz"]
[Black "Pantsulaia, Levan"]
[Result "0-1"]
[WhiteElo "2474"]
[BlackElo "2598"]
[Annotator "TA"]
[PlyCount "106"]
[EventDate "2020.01.29"]
[EventType "k.o."]
[EventCountry "GEO"]
[SourceTitle "playchess.com"]
[Source "ChessBase"]
[SourceQuality "1"]

{[%evp 9,116,39,62,45,48,50,27,0,-15,-29,-10,-31,-31,-27,0,0,0,0,0,0,0,0,0,0,64,51,43,67,47,59,7,-106,-43,-46,0,-58,-36,-50,-46,-100,-85,-111,-84,-68,-85,-89,-24,-24,-24,-58,-18,-22,-27,-10,-17,-32,-24,-67,-52,-170,-164,-151,-135,-266,-270,-268,-271,-278,-289,-489,-295,-295,-289,-296,-296,-523,-282,-282,-262,-331,-331,-588,-498,-525,-464,-677,-677,-644,-646,-859,-837,-1339,-1265,-1134,-1053,-29967,-29970,-29967,-29970,-29968,-29968,-5907,-5601,-29981,-29982,-29983,-5065,-1866,-2117]} 1. d4 d5 2. c4 dxc4 3. e3 Be6 4. Nf3 c6 5. Nc3 b5 6. a4 {[%mdl 1024] White has compensation. D11: Slav Defence: 3 Nf3 sidelines and 3...Nf6 4 e3 Bg4.} b4 7. Ne4 Nf6 8. Nc5 {White has an edge. was the old line (8.Ned2).} Bd5 9. Qc2 e6 10. Bxc4 Bxc5 11. dxc5 a5 {[#]} 12. Nd2 $146 ({Predecessor:} 12. Bd3 Bxf3 13. gxf3 Nbd7 14. e4 Qe7 15. Be3 e5 16. Bf1 O-O 17. Bh3 Rfd8 18. Rd1 {0-1 (27) Kragelj,I (2241)-Videki,S (2414) Harkany 2004}) 12... Bxg2 13. Rg1 $36 {[%mdl 2048] White has some pressure.} Bh3 $1 14. Rxg7 Bf5 15. e4 Bg6 $1 {And now ...Ng4 would win.} 16. Nf3 $1 Nh5 (16... Bxe4 $11 17. Qe2 Bxf3 18. Qxf3 Qd4) 17. Bg5 $14 Qc7 18. Rxg6 $1 hxg6 19. O-O-O {Black must now prevent Rd8+.} Nd7 (19... O-O $14) 20. Qd2 {[#]} (20. Rd6 $1 $11 O-O 21. Bb3) 20... f6 (20... Nhf6 $1 $17 21. Kb1 Rh5) 21. Be3 $15 Ng7 22. e5 (22. Bf4 $11 e5 23. Bxe5 fxe5 24. Qg5) 22... O-O-O 23. exf6 $1 Nxf6 24. Ba6+ (24. Bd4 $15) 24... Kb8 $17 25. Bf4 Rxd2 26. Bxc7+ Kxc7 27. Nxd2 Rxh2 (27... Nd7 $17 28. Nb3 e5) 28. Rg1 $11 Rh6 29. Nb3 Nd7 30. Bd3 Nf5 31. Bxf5 exf5 {[%mdl 4096] Endgame KRN-KRN} 32. Kb1 Ne5 33. Re1 Nc4 $1 34. Re7+ ({Better is} 34. Kc2 $15) 34... Kd8 $19 35. Rg7 Rh2 36. Nd4 (36. Rxg6 $17 Rxf2 37. Kc1) 36... Rxf2 37. b3 Ne5 38. Ne6+ Kc8 39. Rc7+ Kb8 40. Re7 Rd2 41. Re8+ Kb7 42. Nd8+ $2 (42. Ka1) 42... Ka6 43. Ne6 Rd7 44. Kc2 Nf3 45. Rb8 $2 (45. Ra8+ Kb7 46. Re8) 45... Ka7 46. Rg8 {[#]} g5 $1 47. Rf8 (47. Nxg5 $142 Rd2+ 48. Kc1) 47... g4 48. Kc1 Re7 49. Nd8 Nd4 50. Kd2 g3 {Strongly threatening ...Rg7.} 51. Kd3 Rd7 {Threatens to win with ...Ne6+.} 52. Kc4 g2 53. Rg8 {[#]} Ka6 {Played: Rd7xd8} 0-1

[Event "79th GEO-ch 2020"]
[Site "Tbilisi"]
[Date "2020.02.02"]
[Round "2.2"]
[White "Sanikidze, Tornike"]
[Black "Morchiashvili, Bachana"]
[Result "1-0"]
[WhiteElo "2451"]
[BlackElo "2312"]
[Annotator "TA"]
[PlyCount "41"]
[EventDate "2020.01.29"]
[EventType "k.o."]
[EventCountry "GEO"]
[SourceTitle "playchess.com"]
[Source "ChessBase"]
[SourceQuality "1"]

{[%evp 9,41,28,58,51,45,39,42,19,33,30,47,2,19,-50,13,10,22,25,50,0,0,2,0,0,0,0,495,477,5485,5585,3258,3168,2832,2764]} 1. d4 Nf6 2. c4 c5 3. d5 b5 4. cxb5 a6 5. bxa6 g6 6. Nc3 {A58: Benko/Volga Gambit: Lines with 5 bxa6} Bg7 7. e4 O-O 8. Bd3 {White is slightly better.} Qa5 9. a7 Na6 10. Nge2 Nb4 {[#]} 11. Bc4 $146 (11. O-O $11) ({Predecessor:} 11. Bb1 d6 12. O-O Qxa7 13. Nb5 Qb6 14. a4 Ba6 15. Nec3 Ne8 16. Re1 Nc7 17. Na3 {½-½ (46) Arabidze,M (2374)-Cmilyte,V (2530) Sochi 2015}) 11... Ba6 (11... Nxe4 $1 $15 12. a3 (12. Nxe4 Nc2+ 13. Kf1 Nxa1 $11) 12... Nxc3 13. bxc3 Na6) 12. Bxa6 $11 Qxa6 13. O-O Rxa7 14. Bd2 Rb8 15. b3 Nxe4 16. Nxe4 {Threatens to win with Bc3.} Bxa1 17. Qxa1 {Hoping for d6.} Qxe2 $4 {[%mdl 8192] [#]} (17... Qxa2 $11 {and Black is okay.} 18. Qc3 d6) 18. Qe5 $1 $18 {[%mdl 576] Threatening mate with Bh6. Double Attack. White is clearly winning.} Re8 {[#]} (18... Qxf1+ $142 19. Kxf1 d6 20. Nxd6 Nd3) 19. Bc3 $1 {[%csl Gc3][%cal Re5h8]} f6 {[#]} 20. Nxf6+ $1 {[%mdl 512]} exf6 21. Qxf6 {Accuracy: White = 75%, Black = 72%.} 1-0

[Event "79th GEO-ch 2020"]
[Site "Tbilisi"]
[Date "2020.02.03"]
[Round "2.3"]
[White "Pantsulaia, Levan"]
[Black "Nigalidze, Gaioz"]
[Result "1-0"]
[WhiteElo "2598"]
[BlackElo "2474"]
[Annotator "TA"]
[PlyCount "53"]
[EventDate "2020.01.29"]
[EventType "k.o."]
[EventCountry "GEO"]
[SourceTitle "playchess.com"]
[Source "ChessBase"]
[SourceQuality "1"]

{[%evp 17,53,0,0,0,0,12,5,0,20,17,43,16,24,0,0,0,0,0,0,0,80,92,72,90,90,33,157,172,294,285,461,443,29991,29992,29994,29995,29996,29997]} 1. c4 c5 2. Nc3 Nc6 3. Nf3 g6 4. e3 Nf6 5. d4 cxd4 6. exd4 d5 7. cxd5 Nxd5 8. Qb3 e6 9. Bb5 Bg7 10. O-O {A35: Symmetrical English: 2 Nc3 Nc6 3 Nf3} O-O 11. Bxc6 bxc6 12. Na4 {[%cal Bc3a4,Ba4c5,Bc5e4,Be4f6][%mdl 32] The position is equal.} Qd6 13. Re1 Rb8 14. Qd1 Ne7 15. Bd2 Nf5 16. Bc3 Rd8 {[%cal Rf5d4]} 17. Nc5 Nxd4 18. Ne4 {[#]} Nxf3+ $146 (18... Qd7 $11 {keeps the balance.}) ({Predecessor:} 18... Qd5 19. Nxd4 Bxd4 20. Qa4 Qb5 21. Qxd4 Rxd4 22. Bxd4 f5 23. Nf6+ Kf7 24. Nxh7 c5 {1-0 (71) Grischuk,A (2772)-Safarli,E (2639) Riadh 2017}) 19. Qxf3 $16 Qe7 20. Nf6+ $1 {[%mdl 1088] Discovered Attack. White has strong compensation.} Kh8 {[#]} 21. g4 (21. Nh5 $1 $16 {[%mdl 512]} f6 (21... gxh5 22. Bxg7+) 22. Nxf6) 21... c5 (21... h6 $14) 22. g5 $40 {[%mdl 128] White goes for the king.} Bb7 {[#]} (22... Rb6 {might work better.} 23. Qf4 Qf8) 23. Qf4 $1 $18 {[%cal Rf4h4] And now Qh4! would win.} Qf8 $2 (23... Qd6 {is a better defense.} 24. Qxd6 Rxd6) 24. Re3 {White wants to mate with Rh3!} Ba8 (24... Rd5 $18 25. Rh3 (25. Nxd5 Bxd5 26. b3 Bxc3 $16) 25... h5) 25. Rh3 {[%csl Gf6][%cal Rh3h7] White mates.} h5 26. gxh6 Bxf6 27. Qxf6+ {Accuracy: White = 94%, Black = 40%.} ({Weaker is} 27. Bxf6+ Kh7 $16) 1-0

[Event "79th GEO-ch 2020"]
[Site "Tbilisi"]
[Date "2020.02.03"]
[Round "2.3"]
[White "Shanava, Konstantine"]
[Black "Gagunashvili, Merab"]
[Result "1-0"]
[WhiteElo "2507"]
[BlackElo "2580"]
[Annotator "TA"]
[PlyCount "143"]
[EventDate "2020.01.29"]
[EventType "k.o."]
[EventCountry "GEO"]
[SourceTitle "playchess.com"]
[Source "ChessBase"]
[SourceQuality "1"]

{[%evp 23,143,47,41,45,50,0,0,0,0,0,0,-23,0,0,0,0,0,0,8,7,27,0,33,38,30,-13,35,0,32,33,37,37,38,19,31,40,27,35,20,35,20,33,50,0,0,0,47,0,44,15,44,10,73,73,73,73,73,73,73,73,73,73,73,73,73,73,73,73,73,73,73,73,73,73,86,86,86,73,73,0,73,72,72,72,72,72,72,72,85,73,103,103,118,118,148,154,159,160,150,149,140,150,140,0,140,140,205,218,278,233,375,376,374,368,366,360,348,344,29974,29975,29975,29974]} 1. c4 c5 2. Nf3 Nf6 3. Nc3 Nc6 4. g3 e6 5. Bg2 d5 6. cxd5 exd5 7. d4 Be7 8. O-O O-O 9. dxc5 Bxc5 10. Bg5 Be6 11. Rc1 Be7 12. Nd4 h6 13. Bxf6 {D34: Tarrasch Defence: 6 g3 Nf6 7 Bg2 Be7} Bxf6 14. Nxc6 bxc6 15. Na4 {The position is equal.} Rc8 16. b3 Re8 17. Qd3 Bg4 18. Bf3 Bh3 19. Bg2 Bg4 20. e3 g6 21. h3 Bf5 22. Qa6 Qd7 23. Nc5 Qc7 24. Bxd5 {Black should prevent Bg2.} (24. g4 $5 {[%cal Rg4f5]} Be6 25. Qa4 $14) 24... Qb6 25. Bg2 (25. Bc4 $5 {[%cal Rg3g4]} Bxh3 26. Rfe1 $11) 25... Qxa6 26. Nxa6 Bd3 {[%mdl 64] [#] Double Attack} 27. Nb4 Bxf1 28. Kxf1 c5 29. Nc6 Rc7 30. Rxc5 Rd8 31. Ke2 Rd6 32. Rc2 Rcd7 33. Nb8 Rd8 34. Nc6 {[%mdl 64] Double Attack} R8d7 35. Na5 Kg7 36. b4 {[%cal Bb3b4,Bb4b5][%mdl 32]} Bd8 37. Nc4 Ra6 (37... Rc7 $1 $11 {remains equal.}) 38. b5 $16 Ra4 39. Bc6 Re7 40. b6 $1 Rxc4 41. Rxc4 {And now b7 would win.} Bxb6 {[%mdl 4096] Endgame KRB-KRB} 42. Ba4 Rc7 43. Re4 h5 44. Re8 Kf6 45. Bb3 Re7 46. Rg8 Rd7 47. Rb8 Ba5 48. Rb5 Rd2+ 49. Kf3 Bb6 50. Rb4 {Black must now prevent Rf4+.} Rd7 51. Rb5 (51. Ke2 $16) 51... Rc7 (51... Rd2 $11 {keeps the balance.}) 52. Rd5 Ke7 53. g4 hxg4+ 54. hxg4 Rc5 55. Rd4 g5 56. Rd1 f5 57. Rh1 fxg4+ 58. Kxg4 Kf6 59. Rh6+ Kg7 {[#]} 60. Re6 $1 Bd8 61. Rd6 Bb6 62. Rd7+ Kf6 63. Rd6+ Kg7 $1 64. e4 Rc1 (64... Re5 $16 {might work better.}) 65. f3 $18 Be3 66. Kf5 Bf4 (66... Rf1 {keeps fighting.} 67. Bd1 Rf2) 67. Rd7+ Kf8 68. Rxa7 {Threatens to win with Kf6.} Rc3 69. Kf6 {White wants to mate with Ra8+.} Ke8 70. Be6 {Ra8+ would kill now.} Rxf3 $2 (70... Bc7 $18 71. Kxg5 Bb6) 71. Ra8+ Bb8+ 72. Bf5 {Accuracy: White = 88%, Black = 67%.} 1-0

[Event "79th GEO-ch 2020"]
[Site "Tbilisi"]
[Date "2020.02.03"]
[Round "2.4"]
[White "Gagunashvili, Merab"]
[Black "Shanava, Konstantine"]
[Result "0-1"]
[WhiteElo "2580"]
[BlackElo "2507"]
[Annotator "TA"]
[PlyCount "80"]
[EventDate "2020.01.29"]
[EventType "k.o."]
[EventCountry "GEO"]
[SourceTitle "playchess.com"]
[Source "ChessBase"]
[SourceQuality "1"]

{[%evp 20,100,-22,-31,-29,-32,-31,-45,0,0,0,0,0,0,0,0,0,0,0,0,0,0,0,-99,-99,-141,-138,-256,-258,-314,-312,-459,-139,-303,-325,-320,-340,-275,72,77,82,64,223,0,0,0,0,0,0,0,0,-25,0,-627,-642,-5510,-824,-872,-855,-750,-538,-498,-523,-651,-172,-175,-164,-227,-225,-451,-443,-835,-796,-1284,-1266,-5397,-5389,-29968,-29966,-29969,-29970,-29969,-29970]} 1. d4 d5 2. c4 dxc4 3. Nf3 Nf6 4. Qa4+ Nbd7 5. Qxc4 e6 6. g3 a6 7. Bg2 b5 8. Qc2 Bb7 9. O-O c5 10. a4 cxd4 11. Nxd4 Bxg2 {E03: Open Catalan: 5 Qa4+ Nbd7 6 Qxc4} 12. Kxg2 Rc8 13. Qd1 $1 Qb6 {Black is slightly better.} 14. axb5 axb5 15. Nc3 b4 16. Na4 $1 {[%cal Ra4b6]} Qb7+ 17. f3 Be7 18. e4 O-O 19. Be3 Ne5 20. Qe2 Rfd8 21. Bf2 {[#]} (21. Rfd1 $11) 21... g5 $146 ({Predecessor:} 21... g6 22. b3 Nfd7 23. Rac1 Nc6 24. Nxc6 Rxc6 25. Rxc6 Qxc6 26. Be3 Ne5 27. Rd1 Rxd1 28. Qxd1 {½-½ (33) Opocensky,K-Hora,V Pardubice 1965}) 22. h3 h5 $1 23. Qe3 (23. Rfc1 $17) 23... g4 $19 24. Qg5+ Ng6 25. Nxe6 (25. Qh6 {keeps fighting.} gxf3+ 26. Kg1) 25... Nxe4 $2 (25... gxf3+ $19 {is more deadly.} 26. Kg1 Qd7) 26. Nxd8 $2 (26. Qh6 $17 {was the only defense.} Bf8 27. Nxd8 gxh3+ 28. Kh1 (28. Kh2 Rxd8 29. Qxh5 Nd2 $19) 28... Rxd8 29. Qe3) 26... Rxd8 27. Qxh5 gxf3+ $1 28. Kg1 ({Avoid the trap} 28. Qxf3 $2 Ne5 $19) 28... Ng5 $2 (28... Rd2 $19 {Strongly threatening ...Nxg3!} 29. Qxf3 Ne5) 29. h4 $1 $16 {[%cal Rh4g5]} Ne4 30. Qg4 {Threatens to win with Rae1.} Rd2 $2 (30... Qc6 $14) 31. h5 $2 ({Inferior is} 31. Qxf3 Ne5 $15) (31. Rae1 $1 $18 {[%cal Re1e4]} Nf6 32. Qf5) 31... Nf6 $11 32. Qf5 Rd5 33. Qxf3 Ne5 $36 {[%mdl 2048] Black is more active.} 34. Qg2 Qb5 $1 35. Be3 {Hoping for Nb6.} Neg4 36. Rf3 $2 {[%mdl 8192]} (36. Bb6 $11) 36... Rxh5 $19 37. Qf1 {[#] aiming for Qxb5.} Qc6 (37... Rh1+ $142 $1 {[%mdl 512]} 38. Kxh1 Qh5+ 39. Qh3 Qxh3+ 40. Kg1 Qh2+ 41. Kf1 Ne4) 38. Rc1 Qxa4 39. Rc8+ Kg7 40. Bd4 {[#]} Ne5 {Played: Qa4-d7} 0-1